South Eastern Kenya University

Library Online Public Access Catalogue


WordPress on demand / (Record no. 12881)

MARC details
000 -LEADER
fixed length control field 00895cam a22003257a 4500
001 - CONTROL NUMBER
control field 17658259
003 - CONTROL NUMBER IDENTIFIER
control field OSt
005 - DATE AND TIME OF LATEST TRANSACTION
control field 20160420151949.0
008 - FIXED-LENGTH DATA ELEMENTS--GENERAL INFORMATION
fixed length control field 130313t20132013inua 001 0 eng d
010 ## - LIBRARY OF CONGRESS CONTROL NUMBER
LC control number 2013935191
016 7# - NATIONAL BIBLIOGRAPHIC AGENCY CONTROL NUMBER
Record control number 016199239
Source Uk
020 ## - INTERNATIONAL STANDARD BOOK NUMBER
International Standard Book Number 9780789750372 (pbk.)
020 ## - INTERNATIONAL STANDARD BOOK NUMBER
International Standard Book Number 0789750376 (pbk.)
035 ## - SYSTEM CONTROL NUMBER
System control number (OCoLC)ocn846917416
040 ## - CATALOGING SOURCE
Original cataloging agency SEKU
042 ## - AUTHENTICATION CODE
Authentication code lccopycat
050 00 - LIBRARY OF CONGRESS CALL NUMBER
Classification number TK 5105.8885
Item number .R8
082 04 - DEWEY DECIMAL CLASSIFICATION NUMBER
Classification number 006.7/52
Edition number 23
100 1# - MAIN ENTRY--PERSONAL NAME
Personal name Rutledge, Patrice-Anne.
245 10 - TITLE STATEMENT
Title WordPress on demand /
Statement of responsibility, etc. Patrice-Anne Rutledge.
264 #1 - PRODUCTION, PUBLICATION, DISTRIBUTION, MANUFACTURE, AND COPYRIGHT NOTICE
Place of production, publication, distribution, manufacture Indianapolis, IN :
Name of producer, publisher, distributor, manufacturer Que,
Date of production, publication, distribution, manufacture, or copyright notice [2013]
264 #4 - PRODUCTION, PUBLICATION, DISTRIBUTION, MANUFACTURE, AND COPYRIGHT NOTICE
Date of production, publication, distribution, manufacture, or copyright notice 2013
300 ## - PHYSICAL DESCRIPTION
Extent xix, 303 p. :
Other physical details ill. (col) ;
Dimensions 24 cm.
490 1# - SERIES STATEMENT
Series statement On demand
500 ## - GENERAL NOTE
General note Includes index.
630 00 - SUBJECT ADDED ENTRY--UNIFORM TITLE
Uniform title WordPress (Electronic resource)
650 #0 - SUBJECT ADDED ENTRY--TOPICAL TERM
Topical term or geographic name as entry element Blogs
General subdivision Computer programs.
650 #0 - SUBJECT ADDED ENTRY--TOPICAL TERM
Topical term or geographic name as entry element Web sites
General subdivision Authoring programs.
942 ## - ADDED ENTRY ELEMENTS (KOHA)
Source of classification or shelving scheme Library of Congress Classification
Koha item type General circulation
Holdings
Withdrawn status Lost status Source of classification or shelving scheme Damaged status Not for loan Home library Current library Shelving location Date acquired Source of acquisition Total Checkouts Full call number Barcode Date last seen Price effective from Koha item type Public note
    Library of Congress Classification     Main Campus Library Main Campus Library General Stacks 20/04/2016 Donation- Books for Africa   TK 5105.8885 .R8 2016/016532 20/04/2016 20/04/2016 General circulation stv
Kitui, Kenya.
+254736116989
library@seku.ac.ke